Полное собрание сочинений (Запис номер 413417)
[ съкратено ]
| 000 -Лидер | |
|---|---|
| Контролно поле с фиксирана дължина | nam a22 a 4500 |
| 003 - Код на организацията, давaща контролен номер | |
| Контролно поле | BLK |
| 005 - Дата и час на последна редакция | |
| Контролно поле | 20210511140014.0 |
| 008 - Елементи от данни с фиксирана дължина | |
| fixed length control field | 210204b bu ||||| |||| 00| 0 bu d |
| 040 ## - Източник на каталожния запис | |
| Идентификатор на билиотеката - собственик на записа | BLK |
| 041 ## - Код за език | |
| Код за езика на текст/звукозапис или на отделно заглавие | Руски |
| Код за езика КДБФ | Руски |
| 080 ## - УДК | |
| Текстов определител УДК | Математика |
| УДК код - определител по УДК | 51 |
| УДК - код + определител | 51 |
| 080 ## - УДК | |
| Текстов определител УДК | Геометрия. Топология вж 515.1 |
| УДК код - определител по УДК | 514 |
| УДК - код + определител | 514 |
| 100 ## - Редна дума - Автор | |
| R(LIN) | 1299 |
| Автор | Лобачевский, Николай Иванович |
| Авторска отговорност | първи автор |
| 139 ## - Редно поле | |
| Редна дума | Лобачевский, Николай Иванович |
| 245 ## - Сведения за заглавието | |
| Заглавие | Полное собрание сочинений |
| Редно поле (дума) | Н. И. Лобачевский ; ред. В. Ф. Каган и др. ; глав. ред. В. Ф. Каган. |
| Том | Т. 1. |
| Заглавие на том | Сочинения по геометрии : Геометрические исследования по теории параллельных линий ; О началах геометрии. |
| 257 ## - Страна на издаване | |
| Страна на създаване/издаване | Русия |
| 260 ## - Област на издателските данни | |
| 9 (RLIN) | 212198 |
| Място на издаване, разпространение и проч. | Москва ; Ленинград |
| Име на издателя, разпространителя и проч. | Гос. изд. техн.-теор. лит. |
| Година на издаване | 1946 |
| 300 ## - Физическа характеристика | |
| Размери/Мащаб | 26 см |
| 380 ## - Жанр | |
| Жанр | Естествени науки. Математика |
| 650 #0 - Допълнително описание по предмет – тема | |
| 9 (RLIN) | 262681 |
| Основно описание – тема или топоним | Математика, висша |
| 650 #7 - Допълнително описание по предмет – тема | |
| 9 (RLIN) | 151948 |
| Основно описание – тема или топоним | Геометрия |
| 653 #7 - Ключова дума – ненормативна | |
| 9 (RLIN) | 192283 |
| Ключова дума | Николай Лобачевски |
| 653 #0 - Ключова дума – ненормативна | |
| 9 (RLIN) | 443269 |
| Ключова дума | съчинения |
| 700 ## - Други автори (авторска отговорност) | |
| 9 (RLIN) | 523 |
| Лично име | Каган, Вениамин Федорович |
| Автороска отговорност (Описва отношението между автора и произведението) | глав. ред. |
| 760 ## - Описание на основната серия | |
| Редна дума на основното описание | Лобачевский, Николай Иванович |
| Издание | 1946 |
| Страници - том | 415 с., 6 л. ил., портр., факс. : черт. |
| Забележка - том | Библиогр.: Перечень сочинений Лобачевского: с. 14-23. |
| Част - том | Т. 1. |
| Заглавие | Сочинения по геометрии : Геометрические исследования по теории параллельных линий ; О началах геометрии. |
| 852 ## - Местоположение | |
| Форматна сигнатура | Цб 5.260.20391 |
| Фондова буква | Основен фонд - ползва се само за читалня |
| 999 ## - СИСТЕМНИ КОНТРОЛНИ НОМЕРА | |
| Koha biblionumber | 413417 |
| Koha biblioitemnumber | 413417 |
| 942 ## - АРТИКУЛИ | |
| Вид на библиотечния материал | Книги |
| Скрит в OPAC | Не |
| Периодичен библиозапис | Да |
| 944 ## - СЪЗДАВАНЕ И РЕДАКЦИЯ на ЗАПИСА | |
| Създаване/Редакция | Създаване |
| Дата на регистрацията/редакция | 2021-05-11 |
| Служител, извършил регистрацията/редакцията | Кети |
| Код за отписване | Код за изгубен артикул | Източник на класификационната схема | Код за повреда | Коз за рестрикции | Код за отдаване | Артикулен № | Име на библиотеката - собственик | Име на библиотеката, в която се намира в момента | Статус (Текущо местоположение) | Дата на вписване в системата | Местоположение - отдел | Цена в лева | Инвентарен номер | Систематично азбучна сигнатура | Баркод | Цена в евро | Служебен тип на артикула |
|---|---|---|---|---|---|---|---|---|---|---|---|---|---|---|---|---|---|
| Не е изгубен | Universal Decimal Classification | Не е повреден | само за читалня | ползва се в читалня | 829301 | Регионална библиотека "Любен Каравелов" Русе | Регионална библиотека "Любен Каравелов" Русе | Хранилище | 2021-05-12 | Основен фонд - ползва се само за читалня | 0.67 | 20391-І-а | Цб 5.260.20391 | 900000055671 | 0.34 | Книги | |
| Не е изгубен | Universal Decimal Classification | Не е повреден | само за читалня | ползва се в читалня | 829302 | Регионална библиотека "Любен Каравелов" Русе | Регионална библиотека "Любен Каравелов" Русе | Хранилище | 2021-05-12 | Основен фонд - ползва се само за читалня | 0.67 | 20391-І | Цб 5.260.20391 | 900000055672 | 0.34 | Книги |